Islam / (Record no. 10269)

MARC details
000 -LEADER
fixed length control field 00667cam a2200229Ia 4500
001 - CONTROL NUMBER
control field 25854606
003 - CONTROL NUMBER IDENTIFIER
control field OCoLC
005 - DATE AND TIME OF LATEST TRANSACTION
control field 20241126110728.0
008 - FIXED-LENGTH DATA ELEMENTS--GENERAL INFORMATION
fixed length control field 920521r19901956enk b 000 0 eng d
020 ## - INTERNATIONAL STANDARD BOOK NUMBER
International Standard Book Number 0140135553 (pbk.)
040 ## - CATALOGING SOURCE
Original cataloging agency KKQ
Transcribing agency KKQ
Modifying agency NSB
-- TOL
-- UtOrBLW
082 ## - DEWEY DECIMAL CLASSIFICATION NUMBER
Classification number 297
Item number GUI
100 1# - MAIN ENTRY--PERSONAL NAME
Personal name Guillaume, Alfred,
Dates associated with a name 1888-1965
9 (RLIN) 17851
245 10 - TITLE STATEMENT
Title Islam /
Statement of responsibility, etc. by Alfred Guillaume
250 ## - EDITION STATEMENT
Edition statement Rev. ed
260 ## - PUBLICATION, DISTRIBUTION, ETC.
Place of publication, distribution, etc. London, England ;
-- New York, N.Y. :
Name of publisher, distributor, etc. Penguin Books,
Date of publication, distribution, etc. 1990, c1956
300 ## - PHYSICAL DESCRIPTION
Extent 210 p. ;
Dimensions 19 cm
500 ## - GENERAL NOTE
General note Includes index
504 ## - BIBLIOGRAPHY, ETC. NOTE
Bibliography, etc. note Includes bibliographical references (p. 203-[206])
650 #0 - SUBJECT ADDED ENTRY--TOPICAL TERM
Topical term or geographic name entry element Islam
9 (RLIN) 1511
942 ## - ADDED ENTRY ELEMENTS (KOHA)
Source of classification or shelving scheme Dewey Decimal Classification
Koha item type Books
Koha issues (borrowed), all copies 1
Holdings
Withdrawn status Lost status Source of classification or shelving scheme Damaged status Not for loan Home library Current Library Shelving location Date acquired Total checkouts Full call number Barcode Date last seen Date last checked out Copy number Price effective from Koha item type
    Dewey Decimal Classification     GRACE BIBLE COLLEGE GRACE BIBLE COLLEGE Philosophy and Religion 2024-05-10 4 297 GUI 020709 2025-09-26 2025-09-22 c.1 2024-05-10 Books
© Grace Bible College Library 2025